Николай Островский = (Record no. 237616)
[ view plain ]
| 000 -LEADER | |
|---|---|
| fixed length control field | 00781nam a2200217 a 4500 |
| 001 - CONTROL NUMBER | |
| control field | 000655488 |
| 003 - CONTROL NUMBER IDENTIFIER | |
| control field | AM-YeHGA |
| 005 - DATE AND TIME OF LATEST TRANSACTION | |
| control field | 20250617141400.0 |
| 008 - FIXED-LENGTH DATA ELEMENTS--GENERAL INFORMATION | |
| fixed length control field | 090505s1987 ru r 000 0 rus d |
| 040 ## - CATALOGING SOURCE | |
| Original cataloging agency | AM-YeHGA |
| 041 0# - LANGUAGE CODE | |
| Language code of text/sound track or separate title | rus |
| 090 ## - LOCALLY ASSIGNED LC-TYPE CALL NUMBER (OCLC); LOCAL CALL NUMBER (RLIN) | |
| -- | 239187 |
| 245 00 - TITLE STATEMENT | |
| Title | Николай Островский = |
| Remainder of title | Nikolai Ostrovsky : [Альбом] / |
| Statement of responsibility, etc. | Сост. В.С. Панаева. |
| 246 31 - VARYING FORM OF TITLE | |
| Title proper/short title | Nikolai Ostrovsky |
| 260 ## - PUBLICATION, DISTRIBUTION, ETC. | |
| Place of publication, distribution, etc. | Москва : |
| Name of publisher, distributor, etc. | Советская Россия, |
| Date of publication, distribution, etc. | 1987. |
| 300 ## - PHYSICAL DESCRIPTION | |
| Extent | 208 с. : |
| Other physical details | портр., ил. |
| 504 ## - BIBLIOGRAPHY, ETC. NOTE | |
| Bibliography, etc. note | Библиогр.: с. 206 |
| 600 14 - SUBJECT ADDED ENTRY--PERSONAL NAME | |
| Personal name | Островский, Николай Арексеевич, |
| Dates associated with a name | 1904-1936 |
| 653 0# - INDEX TERM--UNCONTROLLED | |
| Uncontrolled term | Русская советская литература |
| 700 1# - ADDED ENTRY--PERSONAL NAME | |
| Personal name | Панаев, В. С. |
| Relator term | сост |
| Relationship | com |
| Withdrawn status | Lost status | Damaged status | Not for loan | Collection | Home library | Current library | Date acquired | Total checkouts | Full call number | Barcode | Date last seen | Price effective from | Koha item type | Public note |
|---|---|---|---|---|---|---|---|---|---|---|---|---|---|---|
| General | Fundamental Scientific Library | Fundamental Scientific Library | 29/12/2016 | PII/568213 | FL0110402 | 29/12/2016 | 29/12/2016 | Գրքեր / Books | 30 Days Loan |
ՀՀ Գիտությունների ազգային ակադեմիայի հիմնարար գիտական գրադարան = Fundamental Scientific Library of NAS RA
All site content, except where otherwise noted, is licensed under a